[Event "Gera-2"]
[Site "http://www.queenalice.com/game.php?id=1282091"]
[Date "2014.5.16"]
[Round "2"]
[White "dhoang"]
[Black "Warrior"]
[Result "1-0"]
[WhiteElo "2091"]
[BlackElo "2079"]

1. e4 c5 2. Nf3 g6 3. d4 cxd4 4. Nxd4 Nc6 5. Be2 Bg7 6. c3 Nxd4 7. cxd4 Qb6 8.
e5 e6 9. O-O Ne7 10. Nc3 O-O 11. Qc2 a6 12. Be3 Nf5 13. Na4 Nxe3 14. fxe3 Qa7
15. Nc5 f5 16. exf6 Rxf6 17. Ne4 Rxf1+ 18. Rxf1 b6 19. Nd6 Qb8 20. Bf3 Bf8 21.
Bxa8 Qxa8 22. Qxc8 Qxc8 23. Nxc8 Bh6 24. Rf3 b5 25. Nb6 d6 26. Nd7 Bg7 27. b3 a5
28. Nb8 a4 29. Nc6 axb3 30. axb3 e5 31. dxe5 dxe5 32. Na7 b4 33. Nc6 Bf8 34.
Nxe5 Bg7 35. Nd3 Bc3 36. Rf4 Kg7 37. Nxb4 Bd2 38. Kf2 h6 39. Nd5 g5 40. Rf3 Kg6
41. e4 h5 42. b4 Bxb4 43. Nxb4 g4 44. Rf5 h4 45. Nc6 Kg7 46. Nd4 Kg6 47. e5 g3+
48. hxg3 hxg3+ 49. Kxg3 Kg7 50. e6 Kg6 51. e7 Kg7 52. e8=Q Kh6 53. Rf6+ Kh7 54.
Qg6+ Kh8 55. Rf8# 1-0

[Event "AUTO-OPEN-3047"]
[Site "http://www.queenalice.com/game.php?id=1285650"]
[Date "2014.6.2"]
[Round "3"]
[White "Licaon86"]
[Black "Warrior"]
[Result "1-0"]
[WhiteElo "2319"]
[BlackElo "2108"]

1. c4 c5 2. Nc3 Nc6 3. g3 g6 4. Bg2 Bg7 5. e3 e6 6. Nge2 Nge7 7. O-O d5 8. cxd5
exd5 9. d4 cxd4 10. exd4 O-O 11. Bg5 h6 12. Bxe7 Nxe7 13. Nf4 Be6 14. Nxe6 fxe6
15. Qg4 Nf5 16. Qxg6 1-0

[Event "AUTO-OPEN-3047"]
[Site "http://www.queenalice.com/game.php?id=1285651"]
[Date "2014.6.2"]
[Round "3"]
[White "Warrior"]
[Black "Licaon86"]
[Result "0-1"]
[WhiteElo "2114"]
[BlackElo "2313"]

1. e4 e6 2. d4 d5 3. Nd2 dxe4 4. Nxe4 Nd7 5. Nf3 Ngf6 6. Bg5 Be7 7. Nxf6+ Nxf6
8. Bd3 h6 9. Bxf6 Bxf6 10. O-O O-O 11. c3 Qd6 12. Re1 Rd8 13. Qe2 c5 14. Rad1
cxd4 0-1

[Event "franz_ferdinand-"]
[Site "http://www.queenalice.com/game.php?id=1285896"]
[Date "2014.6.4"]
[Round "3"]
[White "franz_ferdinand"]
[Black "Warrior"]
[Result "0-1"]
[WhiteElo "1965"]
[BlackElo "2113"]

1. e4 c5 2. Nc3 g6 3. f4 Bg7 4. Nf3 Nc6 5. Bc4 d6 6. d3 Nd4 7. h3 Nf6 8. e5 dxe5
9. fxe5 Nd7 10. e6 Nxe6 0-1

[Event "AUTO-MASTER-2042"]
[Site "http://www.queenalice.com/game.php?id=1289053"]
[Date "2014.6.18"]
[Round "2"]
[White "Lucascg"]
[Black "Warrior"]
[Result "1-0"]
[WhiteElo "2218"]
[BlackElo "1936"]

1. e4 c5 2. Nf3 g6 3. d4 cxd4 4. Qxd4 Nf6 5. e5 Nc6 6. Qc3 e6 7. a3 Nd5 8. Qb3
Bg7 9. c4 Nde7 10. Bf4 O-O 11. Bd3 b6 12. O-O Bb7 13. Nc3 Rc8 14. Qa2 Nf5 15.
Bxf5 exf5 16. Nd5 Na5 17. b3 d6 18. Rad1 dxe5 19. Bxe5 Bxd5 20. Rxd5 Qe7 21. Bd6
Qf6 22. Bxf8 Kxf8 23. Rd7 Nc6 24. b4 Qe6 25. Rd2 Ne5 26. Nxe5 Bxe5 27. Re2 Qd6
28. g3 Qf6 29. Rfe1 Bd4 30. Qb3 Qc6 31. Rc2 h5 32. Rd1 Qf6 33. Qa4 Rc7 34. Qb5
h4 35. c5 hxg3 36. hxg3 Qe5 37. Qd3 Rd7 38. Qf3 bxc5 39. bxc5 Rc7 40. c6 g5 41.
Qd3 Bb6 42. Qd6+ Qxd6 43. Rxd6 Ke7 44. Rd5 Ke6 45. Rd1 f4 46. gxf4 gxf4 47. Kg2
Kf5 48. Kf3 f6 49. Rc4 Rc8 50. Rxf4+ Ke6 51. Re4+ Kf7 52. Rd7+ Kg6 53. Rc4 Rc7
54. Rxc7 1-0

[Event "AUTO-MASTER-2042"]
[Site "http://www.queenalice.com/game.php?id=1289054"]
[Date "2014.6.18"]
[Round "2"]
[White "Warrior"]
[Black "Lucascg"]
[Result "0-1"]
[WhiteElo "2028"]
[BlackElo "2191"]

1. e4 c5 2. Nf3 a6 3. d4 cxd4 4. Nxd4 Nf6 5. Nc3 e5 6. Nf3 d6 7. Bc4 Be7 8. O-O
O-O 9. Bg5 Be6 10. Bxe6 fxe6 11. Qe2 Qc7 12. Rad1 Nbd7 13. h3 b5 14. a3 Rab8 15.
Bh4 h6 16. Rd2 b4 17. axb4 Rxb4 18. Rb1 Rfb8 19. Bxf6 Nxf6 20. Qe3 Rxb2 21. Ra1
Rc8 22. Na4 Rxc2 23. Kh2 Rxd2 24. Nxd2 d5 25. f3 Bb4 26. Nf1 a5 27. Ng3 d4 28.
Qd3 Qc2 29. Qa6 Rc6 30. Qa8+ Kh7 31. Qb7 d3 32. Nf1 Rc7 33. Qa6 Rc6 34. Qb5 Rd6
35. Qb7 d2 36. Nxd2 Rxd2 37. Rg1 Qxa4 38. Qf7 Bc5 39. Qxe6 Bxg1+ 40. Kxg1 Qe8
41. Qf5+ Qg6 42. Qxg6+ Kxg6 43. Kf1 a4 44. g3 a3 45. Ke1 Rh2 46. h4 a2 47. f4
a1=Q# 0-1

[Event "AUTO-MASTER-2042"]
[Site "http://www.queenalice.com/game.php?id=1289061"]
[Date "2014.6.18"]
[Round "2"]
[White "Warrior"]
[Black "toomchess"]
[Result "0-1"]
[WhiteElo "1881"]
[BlackElo "2150"]

1. e4 e5 2. Nf3 Nc6 3. d4 exd4 4. Bc4 Bb4+ 5. c3 dxc3 6. Nxc3 Bxc3+ 7. bxc3 d6
8. O-O Nf6 9. Bg5 O-O 10. Re1 h6 11. Bh4 Be6 12. Bxe6 fxe6 13. Qd3 Qe8 14. Bxf6
Rxf6 15. Rab1 b6 16. Nd4 Ne5 17. Qe2 Qg6 18. h3 c5 19. Nc2 Nf3+ 20. Kh1 Nxe1 21.
Rxe1 Raf8 22. f3 Qg3 23. Rf1 Rg6 24. Ne3 Qe5 25. Qd3 h5 26. Nc4 Qg3 27. Qe2 b5
28. Ne3 a6 29. Rd1 Qe5 30. c4 b4 31. Qd2 Qf4 32. Qd3 Rg5 33. Nc2 Qg3 34. Ne1 Qf2
35. Qd2 Qf1+ 36. Kh2 Qxc4 37. Qxd6 Qxa2 38. Rd2 Qc4 39. Rc2 Qb3 40. e5 Qb1 41.
Qxe6+ Kh7 42. Re2 Qd1 43. Qc4 Qd4 44. Qxa6 Rxe5 45. Nc2 Qf4+ 46. Kg1 b3 47. Rxe5
Qxe5 48. Qd3+ g6 49. Qxb3 Rb8 50. Qc4 Rb1+ 51. Kf2 Rb2 52. Kf1 Qf5 53. Ne1 Rb4
54. Qa6 Qe5 55. h4 c4 0-1

[Event "AUTO-MASTER-2042"]
[Site "http://www.queenalice.com/game.php?id=1289062"]
[Date "2014.6.18"]
[Round "2"]
[White "toomchess"]
[Black "Warrior"]
[Result "1-0"]
[WhiteElo "2198"]
[BlackElo "2038"]

1. e4 c5 2. Na3 Nc6 3. c3 g6 4. d4 cxd4 5. cxd4 Bg7 6. Nf3 e6 7. Be2 Nge7 8. O-O
O-O 9. Bf4 d5 10. e5 Bd7 11. Nb5 a6 12. Nd6 Rb8 13. Qd2 Nf5 14. Nxf5 exf5 15. e6
fxe6 16. Bxb8 Qxb8 17. Rac1 Qd6 18. Rfd1 Nb8 19. h3 Bc6 20. Qe3 Re8 21. Ne5 Nd7
22. Rc2 Nxe5 23. dxe5 Bxe5 24. Bf3 Bg7 25. Qb6 Qd7 26. Be2 e5 27. Bxa6 bxa6 28.
Rxc6 Re7 29. Qxa6 d4 30. Rd6 Qc7 31. Qa8+ Kf7 32. Qd5+ Kf8 33. Rd8+ Re8 34. Rd7
Qxd7 35. Qxd7 Re7 36. Qd5 e4 37. Rc1 Bf6 38. Rc8+ Kg7 39. Qg8+ Kh6 40. Qf8+ Kg5
41. h4+ Kh5 42. Qxf6 h6 43. Qxe7 d3 44. f3 d2 45. Qg5+ hxg5 46. Rh8# 1-0

[Event "AUTO-MASTER-2130"]
[Site "http://www.queenalice.com/game.php?id=1298320"]
[Date "2014.7.31"]
[Round "1"]
[White "Wenderson"]
[Black "Warrior"]
[Result "1-0"]
[WhiteElo "2011"]
[BlackElo "1990"]

1. e4 d5 2. exd5 Qxd5 3. Nc3 Qa5 4. d4 Nf6 5. Bd2 c6 6. Nf3 Qc7 7. Bc4 Bg4 8.
O-O e6 9. Re1 Bd6 10. g3 O-O 11. Ne4 Nxe4 12. Rxe4 Bf5 13. Re1 Nd7 14. Nh4 1-0

[Event "AUTO-MASTER-2130"]
[Site "http://www.queenalice.com/game.php?id=1298321"]
[Date "2014.7.31"]
[Round "1"]
[White "Warrior"]
[Black "Wenderson"]
[Result "0-1"]
[WhiteElo "1975"]
[BlackElo "2026"]

1. e4 e5 2. Nf3 Nc6 3. d4 Nxd4 4. Nxe5 Qe7 5. Qxd4 c5 6. Qc3 f6 7. Nf3 Qxe4+ 8.
Be2 d5 9. O-O Be7 10. Bb5+ Kf8 11. Re1 Qg6 12. Bf4 Bg4 13. Nbd2 c4 14. Nd4 a6
15. Ba4 b5 0-1

[Event "AUTO-MASTER-2130"]
[Site "http://www.queenalice.com/game.php?id=1298336"]
[Date "2014.7.31"]
[Round "1"]
[White "sia"]
[Black "Warrior"]
[Result "1-0"]
[WhiteElo "2050"]
[BlackElo "1948"]

1. g3 d5 2. Bg2 Nf6 3. b3 g6 4. Bb2 Bg7 5. Nf3 c5 6. O-O O-O 7. d3 Nc6 8. Nbd2
Re8 9. e3 Bg4 10. Qc1 e5 11. c4 d4 12. e4 1-0

[Event "AUTO-MASTER-2130"]
[Site "http://www.queenalice.com/game.php?id=1298337"]
[Date "2014.7.31"]
[Round "1"]
[White "Warrior"]
[Black "sia"]
[Result "0-1"]
[WhiteElo "1961"]
[BlackElo "2037"]

1. e4 e5 2. Nf3 d6 3. d4 exd4 4. Nxd4 Nf6 5. Nc3 Be7 6. Bg5 h6 7. Bh4 O-O 8. Bc4
Nbd7 9. O-O Nc5 10. f3 c6 11. Nde2 Be6 12. Bxe6 Nxe6 0-1

[Event "AUTO-MASTER-2130"]
[Site "http://www.queenalice.com/game.php?id=1298346"]
[Date "2014.7.31"]
[Round "1"]
[White "monok"]
[Black "Warrior"]
[Result "0-1"]
[WhiteElo "2111"]
[BlackElo "2019"]

1. e4 c5 2. f4 g6 3. Nf3 Bg7 4. Bc4 Nc6 5. Nc3 d6 6. d3 Nf6 7. O-O O-O 8. Qe1 a6
9. a4 Bg4 10. Qh4 Bxf3 11. Rxf3 Nd4 12. Rh3 h5 13. f5 e6 14. fxg6 fxg6 15. Bg5
Qd7 16. Rg3 Ng4 17. h3 Ne5 18. Rf1 Rxf1+ 19. Kxf1 Rf8+ 20. Kg1 Nxc4 21. dxc4 Qf7
22. Be7 Qf2+ 23. Kh1 Rf7 24. Bxd6 Nxc2 25. Qg5 b6 26. Qxg6 Ne3 27. Be5 Qe1+ 28.
Kh2 Nf1+ 29. Kg1 Nxg3+ 30. Kh2 Nf1+ 0-1

[Event "AUTO-MASTER-2130"]
[Site "http://www.queenalice.com/game.php?id=1298347"]
[Date "2014.7.31"]
[Round "1"]
[White "Warrior"]
[Black "monok"]
[Result "0-1"]
[WhiteElo "1876"]
[BlackElo "2098"]

1. e4 c5 2. c3 d5 3. exd5 Qxd5 4. d4 Nf6 5. Nf3 Bg4 6. Be2 Nc6 7. h3 Bh5 8. O-O
O-O-O 9. Na3 cxd4 10. Nxd4 Bxe2 11. Qxe2 Nxd4 12. cxd4 e6 13. Be3 Bxa3 14. bxa3
Kd7 15. Rfc1 Rc8 16. Qd1 a6 17. Qa4+ Qb5 18. Qd1 Rxc1 19. Rxc1 Rc8 20. Rxc8 Kxc8
21. Qc1+ Kd7 22. g3 Nd5 23. Kg2 Qd3 24. h4 Qe2 25. Qd2 Nxe3+ 26. Qxe3 Qxa2 27.
Qc3 Qd5+ 28. Kh2 Qc6 29. Qd3 f5 30. f3 Kd6 31. Qe3 Qd5 32. Qf4+ Kc6 33. Qe3 h6
34. Qc3+ Kd7 35. Kg2 g5 36. hxg5 hxg5 37. Qb4 g4 0-1

[Event "AUTO-OPEN-3299"]
[Site "http://www.queenalice.com/game.php?id=1298402"]
[Date "2014.7.31"]
[Round "1"]
[White "sphagnis"]
[Black "Warrior"]
[Result "1-0"]
[WhiteElo "1699"]
[BlackElo "1905"]

1. e4 e5 2. Bc4 Nf6 3. d3 Bc5 4. Qe2 Nc6 5. Nf3 d6 6. h3 O-O 7. Be3 Bxe3 8. fxe3
Na5 9. Nc3 Nxc4 10. dxc4 c6 11. O-O h6 12. Rad1 Qe7 13. a3 Be6 14. c5 dxc5 15.
Nxe5 Bxh3 16. gxh3 Qxe5 17. Qg2 Rad8 18. Rf5 Qe7 19. Rxc5 Qxc5 20. Qe2 Rxd1+ 21.
Qxd1 Qxe3+ 22. Kh2 Nxe4 23. Nxe4 Qxe4 24. b3 Re8 25. Qg1 1-0

[Event "AUTO-OPEN-3299"]
[Site "http://www.queenalice.com/game.php?id=1298403"]
[Date "2014.7.31"]
[Round "1"]
[White "Warrior"]
[Black "sphagnis"]
[Result "0-1"]
[WhiteElo "1931"]
[BlackElo "1673"]

1. e4 e5 2. Nf3 Nc6 3. d4 d6 4. dxe5 Bg4 5. exd6 Qxd6 6. Qxd6 Bxd6 7. Be2 Be5 8.
Nxe5 Bxe2 9. Nxc6 Bb5 10. Nd4 Ba6 11. Nc3 c6 12. Be3 Ne7 13. O-O-O O-O-O 14. Nb3
Bc4 15. Bxa7 Bxb3 16. cxb3 Kc7 17. Rxd8 Rxd8 18. Be3 h6 19. Rd1 Re8 20. Bf4+ Kc8
21. f3 f5 22. Rd2 Ng6 23. Bg3 h5 24. exf5 Nh8 0-1

[Event "AUTO-OPEN-3299"]
[Site "http://www.queenalice.com/game.php?id=1298434"]
[Date "2014.7.31"]
[Round "1"]
[White "Warrior"]
[Black "leduar"]
[Result "0-1"]
[WhiteElo "2017"]
[BlackElo "2058"]

1. e4 e5 2. Nf3 Nc6 3. d4 exd4 4. Bc4 Bc5 5. c3 Nge7 6. cxd4 Bb6 7. O-O O-O 8.
Nc3 d6 9. h3 Ng6 10. Be3 Nce7 11. Qd2 c6 12. Rad1 Ba5 13. a3 b5 14. Ba2 Ba6 15.
Rfe1 b4 0-1

[Event "AUTO-OPEN-3299"]
[Site "http://www.queenalice.com/game.php?id=1298435"]
[Date "2014.7.31"]
[Round "1"]
[White "leduar"]
[Black "Warrior"]
[Result "1-0"]
[WhiteElo "2072"]
[BlackElo "2003"]

1. e4 c5 2. Nf3 g6 3. d4 cxd4 4. Nxd4 Nc6 5. Nc3 Bg7 6. Be3 Nf6 7. f3 O-O 8. Qd2
d5 9. exd5 Nxd5 10. Nxc6 bxc6 11. O-O-O Be6 12. Bg5 f6 13. Bh4 Qa5 14. Bc4 Rfd8
15. Nxd5 Qxd2+ 16. Kxd2 1-0

[Event "Gera-2"]
[Site "http://www.queenalice.com/game.php?id=1301407"]
[Date "2014.8.14"]
[Round "3"]
[White "Warrior"]
[Black "CCapivara"]
[Result "0-1"]
[WhiteElo "2030"]
[BlackElo "2113"]

1. e4 d6 2. d4 Nf6 3. Nc3 c6 4. Nf3 Bg4 5. Bc4 Nbd7 6. O-O e5 7. Be3 Be7 8. h3
Bh5 9. g4 Bg6 10. Nd2 b5 11. Bd3 Qc7 12. a3 O-O-O 13. Qe2 h5 14. d5 hxg4 15.
hxg4 Rh4 16. f3 Rdh8 17. Qg2 a6 0-1